<?xml version="1.0" encoding="UTF-8"?>
<record
    xmlns:xsi="http://www.w3.org/2001/XMLSchema-instance"
    xsi:schemaLocation="http://www.loc.gov/MARC21/slim http://www.loc.gov/standards/marcxml/schema/MARC21slim.xsd"
    xmlns="http://www.loc.gov/MARC21/slim">

  <leader>00617nam a22002417a 4500</leader>
  <controlfield tag="003">UA-OsUOA</controlfield>
  <controlfield tag="001"> 23284 </controlfield>
  <controlfield tag="007">ta</controlfield>
  <controlfield tag="008">20040116b un ||||| |||| 00| 0 ukr d</controlfield>
  <datafield tag="090" ind1=" " ind2=" ">
    <subfield code="a">371</subfield>
    <subfield code="b">&#x41F;24</subfield>
  </datafield>
  <datafield tag="942" ind1=" " ind2=" ">
    <subfield code="c">BK</subfield>
  </datafield>
  <datafield tag="040" ind1=" " ind2=" ">
    <subfield code="a">UA-OsUOA</subfield>
    <subfield code="b">ukr</subfield>
    <subfield code="c">UA-OsUOA</subfield>
    <subfield code="d">UA-OsUOA</subfield>
  </datafield>
  <datafield tag="245" ind1=" " ind2=" ">
    <subfield code="a">&#x41F;&#x435;&#x434;&#x430;&#x433;&#x43E;&#x433;&#x456;&#x447;&#x43D;&#x430; &#x43C;&#x430;&#x439;&#x441;&#x442;&#x435;&#x440;&#x43D;&#x456;&#x441;&#x442;&#x44C;</subfield>
    <subfield code="b">&#x41F;&#x456;&#x434;&#x440;&#x443;&#x447;&#x43D;&#x438;&#x43A;</subfield>
    <subfield code="c">&#x420;&#x435;&#x434;. &#x406;.&#x410;.&#x417;&#x44F;&#x437;&#x44E;&#x43D;</subfield>
  </datafield>
  <datafield tag="300" ind1=" " ind2=" ">
    <subfield code="a">349 &#x441;.</subfield>
    <subfield code="b">&#x406;&#x43B;&#x44E;&#x441;&#x442;&#x440;&#x430;&#x446;&#x456;&#x457;</subfield>
  </datafield>
  <datafield tag="955" ind1=" " ind2=" ">
    <subfield code="a">0</subfield>
  </datafield>
  <datafield tag="041" ind1=" " ind2=" ">
    <subfield code="a">ukr</subfield>
  </datafield>
  <datafield tag="080" ind1=" " ind2=" ">
    <subfield code="a">371</subfield>
  </datafield>
  <datafield tag="020" ind1=" " ind2=" ">
    <subfield code="a">5-11-004706-5</subfield>
  </datafield>
  <datafield tag="260" ind1=" " ind2=" ">
    <subfield code="a">&#x41A;&#x438;&#x457;&#x432;</subfield>
    <subfield code="b">&#x412;&#x438;&#x449;&#x430; &#x448;&#x43A;&#x43E;&#x43B;&#x430;</subfield>
    <subfield code="c">1997</subfield>
  </datafield>
  <datafield tag="044" ind1=" " ind2=" ">
    <subfield code="a">UA</subfield>
  </datafield>
  <datafield tag="650" ind1=" " ind2="7">
    <subfield code="2">UDC</subfield>
  </datafield>
  <datafield tag="999" ind1=" " ind2=" ">
    <subfield code="c">309529</subfield>
    <subfield code="d">309529</subfield>
  </datafield>
  <datafield tag="952" ind1=" " ind2=" ">
    <subfield code="0">0</subfield>
    <subfield code="1">0</subfield>
    <subfield code="2">udc</subfield>
    <subfield code="4">0</subfield>
    <subfield code="7">0</subfield>
    <subfield code="a">101</subfield>
    <subfield code="b">101</subfield>
    <subfield code="d">2006-08-15</subfield>
    <subfield code="i">37126</subfield>
    <subfield code="l">0</subfield>
    <subfield code="o">371 &#x41F;24</subfield>
    <subfield code="p">37126</subfield>
    <subfield code="r">2021-12-20 00:00:00</subfield>
    <subfield code="w">2004-01-16</subfield>
    <subfield code="y">BK</subfield>
  </datafield>
  <datafield tag="952" ind1=" " ind2=" ">
    <subfield code="0">0</subfield>
    <subfield code="1">0</subfield>
    <subfield code="2">udc</subfield>
    <subfield code="4">0</subfield>
    <subfield code="7">0</subfield>
    <subfield code="a">101</subfield>
    <subfield code="b">101</subfield>
    <subfield code="d">2006-08-15</subfield>
    <subfield code="i">37127</subfield>
    <subfield code="l">0</subfield>
    <subfield code="o">371 &#x41F;24</subfield>
    <subfield code="p">37127</subfield>
    <subfield code="r">2021-12-20 00:00:00</subfield>
    <subfield code="w">2004-01-16</subfield>
    <subfield code="y">BK</subfield>
  </datafield>
  <datafield tag="952" ind1=" " ind2=" ">
    <subfield code="0">0</subfield>
    <subfield code="1">0</subfield>
    <subfield code="2">udc</subfield>
    <subfield code="4">0</subfield>
    <subfield code="7">0</subfield>
    <subfield code="a">101</subfield>
    <subfield code="b">101</subfield>
    <subfield code="d">2006-08-15</subfield>
    <subfield code="i">37128</subfield>
    <subfield code="l">0</subfield>
    <subfield code="o">371 &#x41F;24</subfield>
    <subfield code="p">37128</subfield>
    <subfield code="r">2021-12-20 00:00:00</subfield>
    <subfield code="w">2004-01-16</subfield>
    <subfield code="y">BK</subfield>
  </datafield>
  <datafield tag="952" ind1=" " ind2=" ">
    <subfield code="0">0</subfield>
    <subfield code="1">0</subfield>
    <subfield code="2">udc</subfield>
    <subfield code="4">0</subfield>
    <subfield code="7">0</subfield>
    <subfield code="a">101</subfield>
    <subfield code="b">101</subfield>
    <subfield code="d">2006-08-15</subfield>
    <subfield code="i">37129</subfield>
    <subfield code="l">0</subfield>
    <subfield code="o">371 &#x41F;24</subfield>
    <subfield code="p">37129</subfield>
    <subfield code="r">2021-12-20 00:00:00</subfield>
    <subfield code="w">2004-01-16</subfield>
    <subfield code="y">BK</subfield>
  </datafield>
  <datafield tag="952" ind1=" " ind2=" ">
    <subfield code="0">0</subfield>
    <subfield code="1">0</subfield>
    <subfield code="2">udc</subfield>
    <subfield code="4">0</subfield>
    <subfield code="7">0</subfield>
    <subfield code="a">101</subfield>
    <subfield code="b">101</subfield>
    <subfield code="d">2006-08-15</subfield>
    <subfield code="i">37130</subfield>
    <subfield code="l">0</subfield>
    <subfield code="o">371 &#x41F;24</subfield>
    <subfield code="p">37130</subfield>
    <subfield code="r">2021-12-20 00:00:00</subfield>
    <subfield code="w">2004-01-16</subfield>
    <subfield code="y">BK</subfield>
  </datafield>
  <datafield tag="952" ind1=" " ind2=" ">
    <subfield code="0">0</subfield>
    <subfield code="1">0</subfield>
    <subfield code="2">udc</subfield>
    <subfield code="4">0</subfield>
    <subfield code="7">0</subfield>
    <subfield code="a">101</subfield>
    <subfield code="b">101</subfield>
    <subfield code="d">2012-09-04</subfield>
    <subfield code="i">38751</subfield>
    <subfield code="l">0</subfield>
    <subfield code="o">371 &#x41F;24</subfield>
    <subfield code="p">38751</subfield>
    <subfield code="r">2021-12-21 00:00:00</subfield>
    <subfield code="w">2004-01-16</subfield>
    <subfield code="y">BK</subfield>
  </datafield>
  <datafield tag="952" ind1=" " ind2=" ">
    <subfield code="0">0</subfield>
    <subfield code="1">0</subfield>
    <subfield code="2">udc</subfield>
    <subfield code="4">0</subfield>
    <subfield code="7">0</subfield>
    <subfield code="a">102</subfield>
    <subfield code="b">102</subfield>
    <subfield code="d">2004-04-30</subfield>
    <subfield code="g">7.00</subfield>
    <subfield code="i">68300</subfield>
    <subfield code="l">0</subfield>
    <subfield code="o">371 &#x41F;24</subfield>
    <subfield code="p">68300</subfield>
    <subfield code="r">2022-02-06 00:00:00</subfield>
    <subfield code="w">2004-01-16</subfield>
    <subfield code="y">BK</subfield>
  </datafield>
  <datafield tag="952" ind1=" " ind2=" ">
    <subfield code="0">0</subfield>
    <subfield code="1">0</subfield>
    <subfield code="2">udc</subfield>
    <subfield code="4">0</subfield>
    <subfield code="7">0</subfield>
    <subfield code="a">102</subfield>
    <subfield code="b">102</subfield>
    <subfield code="d">2004-04-30</subfield>
    <subfield code="g">5.00</subfield>
    <subfield code="i">68301</subfield>
    <subfield code="l">0</subfield>
    <subfield code="o">371 &#x41F;24</subfield>
    <subfield code="p">68301</subfield>
    <subfield code="r">2022-02-06 00:00:00</subfield>
    <subfield code="w">2004-01-16</subfield>
    <subfield code="y">BK</subfield>
  </datafield>
  <datafield tag="952" ind1=" " ind2=" ">
    <subfield code="0">0</subfield>
    <subfield code="1">0</subfield>
    <subfield code="2">udc</subfield>
    <subfield code="4">0</subfield>
    <subfield code="7">0</subfield>
    <subfield code="a">102</subfield>
    <subfield code="b">102</subfield>
    <subfield code="d">2004-04-30</subfield>
    <subfield code="g">5.00</subfield>
    <subfield code="i">68302</subfield>
    <subfield code="l">0</subfield>
    <subfield code="o">371 &#x41F;24</subfield>
    <subfield code="p">68302</subfield>
    <subfield code="r">2022-02-06 00:00:00</subfield>
    <subfield code="w">2004-01-16</subfield>
    <subfield code="y">BK</subfield>
  </datafield>
  <datafield tag="952" ind1=" " ind2=" ">
    <subfield code="0">0</subfield>
    <subfield code="1">0</subfield>
    <subfield code="2">udc</subfield>
    <subfield code="4">0</subfield>
    <subfield code="7">0</subfield>
    <subfield code="a">102</subfield>
    <subfield code="b">102</subfield>
    <subfield code="d">2004-04-30</subfield>
    <subfield code="g">5.00</subfield>
    <subfield code="i">68303</subfield>
    <subfield code="l">0</subfield>
    <subfield code="o">371 &#x41F;24</subfield>
    <subfield code="p">68303</subfield>
    <subfield code="r">2022-02-06 00:00:00</subfield>
    <subfield code="w">2004-01-16</subfield>
    <subfield code="y">BK</subfield>
  </datafield>
  <datafield tag="952" ind1=" " ind2=" ">
    <subfield code="0">0</subfield>
    <subfield code="1">0</subfield>
    <subfield code="2">udc</subfield>
    <subfield code="4">0</subfield>
    <subfield code="7">0</subfield>
    <subfield code="a">102</subfield>
    <subfield code="b">102</subfield>
    <subfield code="d">2004-04-30</subfield>
    <subfield code="g">5.00</subfield>
    <subfield code="i">68304</subfield>
    <subfield code="l">0</subfield>
    <subfield code="o">371 &#x41F;24</subfield>
    <subfield code="p">68304</subfield>
    <subfield code="r">2021-11-16 00:00:00</subfield>
    <subfield code="w">2004-01-16</subfield>
    <subfield code="y">BK</subfield>
  </datafield>
  <datafield tag="952" ind1=" " ind2=" ">
    <subfield code="0">0</subfield>
    <subfield code="1">0</subfield>
    <subfield code="2">udc</subfield>
    <subfield code="4">0</subfield>
    <subfield code="7">0</subfield>
    <subfield code="a">102</subfield>
    <subfield code="b">102</subfield>
    <subfield code="d">2004-04-30</subfield>
    <subfield code="g">5.00</subfield>
    <subfield code="i">68305</subfield>
    <subfield code="l">0</subfield>
    <subfield code="o">371 &#x41F;24</subfield>
    <subfield code="p">68305</subfield>
    <subfield code="r">2021-11-16 00:00:00</subfield>
    <subfield code="w">2004-01-16</subfield>
    <subfield code="y">BK</subfield>
  </datafield>
  <datafield tag="952" ind1=" " ind2=" ">
    <subfield code="0">0</subfield>
    <subfield code="1">0</subfield>
    <subfield code="2">udc</subfield>
    <subfield code="4">0</subfield>
    <subfield code="7">0</subfield>
    <subfield code="a">102</subfield>
    <subfield code="b">102</subfield>
    <subfield code="d">2004-04-30</subfield>
    <subfield code="g">5.00</subfield>
    <subfield code="i">68306</subfield>
    <subfield code="l">0</subfield>
    <subfield code="o">371 &#x41F;24</subfield>
    <subfield code="p">68306</subfield>
    <subfield code="r">2022-02-06 00:00:00</subfield>
    <subfield code="w">2004-01-16</subfield>
    <subfield code="y">BK</subfield>
  </datafield>
  <datafield tag="952" ind1=" " ind2=" ">
    <subfield code="0">0</subfield>
    <subfield code="1">0</subfield>
    <subfield code="2">udc</subfield>
    <subfield code="4">0</subfield>
    <subfield code="7">0</subfield>
    <subfield code="a">102</subfield>
    <subfield code="b">102</subfield>
    <subfield code="d">2004-04-30</subfield>
    <subfield code="g">5.00</subfield>
    <subfield code="i">68307</subfield>
    <subfield code="l">0</subfield>
    <subfield code="o">371 &#x41F;24</subfield>
    <subfield code="p">68307</subfield>
    <subfield code="r">2021-11-16 00:00:00</subfield>
    <subfield code="w">2004-01-16</subfield>
    <subfield code="y">BK</subfield>
  </datafield>
  <datafield tag="952" ind1=" " ind2=" ">
    <subfield code="0">0</subfield>
    <subfield code="1">0</subfield>
    <subfield code="2">udc</subfield>
    <subfield code="4">0</subfield>
    <subfield code="7">0</subfield>
    <subfield code="a">101</subfield>
    <subfield code="b">101</subfield>
    <subfield code="d">2004-01-16</subfield>
    <subfield code="g">7.00</subfield>
    <subfield code="i">76795</subfield>
    <subfield code="l">0</subfield>
    <subfield code="o">371 &#x41F;24</subfield>
    <subfield code="p">76795</subfield>
    <subfield code="r">2021-12-20 00:00:00</subfield>
    <subfield code="w">2004-01-16</subfield>
    <subfield code="y">BK</subfield>
  </datafield>
</record>
